| 000 | 00838cab a2200253 4500 | ||
|---|---|---|---|
| 001 | WB3202-44 | ||
| 008 | 090401t1996 xxu||||| |||| 00| 0 eng d | ||
| 035 | _a(Sirsi) u61650 | ||
| 041 | _aeng | ||
| 245 | _aSpeculation, chances and damages | ||
| 260 | _c1996 | ||
| 350 | _a0 | ||
| 490 |
_aEstates Gazette _v(9601) 6 January 1996, 99(1) |
||
| 520 | _aConsiders the role of speculation in the assessment of damages in professional negligence cases. Gives examples of cases. | ||
| 650 | _aALLIED MAPLES GROUP V SIMMONS AND SIMMONS | ||
| 650 | _aASSESSMENT OF DAMAGES | ||
| 650 | _aDAMAGES | ||
| 650 | _aFIRST INTERSTATE BANK OF CALIFORNIA V COHEN ARNOLD AND CO | ||
| 650 | _aNEGLIGENCE | ||
| 650 | _aSTOVOLD V BARLOWS | ||
| 690 | _aMANAGEMENT-BUSINESS MANAGEMENT-PROFESSIONAL PRACTICE | ||
| 942 | _n0 | ||
| 948 | _c04/03/1997 | ||
| 999 |
_c38237 _d38237 |
||